| 000 | 00918cab a2200301 4500 | ||
|---|---|---|---|
| 001 | ABS53051 | ||
| 008 | 090401t1995 xxu||||| |||| 00| 0 eng d | ||
| 035 | _a(Sirsi) u1593 | ||
| 041 | _aeng | ||
| 100 | _aO`Rouke, J. | ||
| 245 | _aLandfill legacy | ||
| 260 | _c1995 | ||
| 350 | _a0 | ||
| 490 |
_aSurveyor _v182(5343) 8 June 1995, 26-29(4) |
||
| 520 | _aDue to a lack of government guidance on landfill sites, many local authorities are resorting to devising their own policies. Highlights the action taken by one such authority, Wrekin Council. | ||
| 650 | _aCONTAMINATED LAND | ||
| 650 | _aLANDFILL SITES | ||
| 650 | _aLOCAL AUTHORITIES | ||
| 650 | _aWASTE DISPOSAL | ||
| 650 | _aWASTE MANAGEMENT PAPER 27 | ||
| 650 | _aWASTE MANAGEMENT | ||
| 690 | _aENVIRONMENTAL AND LAND CONSULTANCY | ||
| 690 | _aLAND | ||
| 700 | _aRobertson, T. | ||
| 700 | _aCraig, R. | ||
| 942 | _n0 | ||
| 948 | _c04/03/1997 | ||
| 999 |
_c902 _d902 |
||